Secret Circle Trivia Quiz Stats

Quiz not verified by Sporcle

Challenge
Share
Tweet
Embed
Score 0/32 Timer 10:00
0 Plays Today
Hint Answer % Correct
Cassie's father is?John Blackwell
74.2%
Turns out to be Cassie's half-sister.Diana Meade
73%
Who kissed Cassie during Truth or Dare?Jake Armstrong
71.9%
Who moved into town at the beginning of the series?Cassie Blake
70.8%
Who was Diana dating at the beginning of the series?Adam Conant
69.7%
Jake used to hook up with?Faye Chamberlain
68.5%
Secret Circle is a show about?Witches
66.3%
Cassie's mother is?Amelia Blake
66.3%
Jake was working for Isaac as this, despite being a witch himself.Witch-hunter
65.2%
How many bloodlines form the coven?6
64%
Melissa's boyfriend/Jake's brother, Nick, was killed by?Charles Meade
56.2%
How can Charles and Dawn still use magic?Family Crystal
55.1%
Many of the circle parents died in what tragedy?Boatyard Fire
52.8%
Lee was using Faye to wake up who?Eva
52.8%
The family crystals combine to make this.Crystal Skull
47.2%
Elder and former leader of her coven, garndmother to Cassie.Jane Blake
46.1%
Hint Answer % Correct
Who betrayed Amelia and John's coven?Ethan Conant
44.9%
According to Ethan, Adam and Cassie's relationship is?Written in the stars
42.7%
Each family has one of these books. Book of Shadows
41.6%
Why was Heather Barnes spelled into a catatonic state?Possessed by demons
41.6%
Elder who supposedly died of a heart attack but was really killed by his daughter-in-law.Henry Chamberlain
39.3%
Who does Diana leave town with at the end of the series?Grant
36%
In what town does the show take place?Chance Harbor
34.8%
What can't the coven do after they bind the circle?Solo magic
32.6%
Callum sells this drug to Melissa.Devil's Spirit
30.3%
Who kills Isaac after being possessed by demons?Eben
29.2%
What did John Blackwell drop in the boatyard the night of the fire?Medallion
28.1%
Blackwell was originally what name?Balcoin
25.8%
These are used to kill witches.Witch Cruid
15.7%
The coven hunting Cassie is named?Nidaros Coven
14.6%
Official name of the organization Isaac ran.The True Believers
13.5%
Ethan owns what business?Boathouse Bar and Grill
12.4%

You're not logged in!

Compare scores with friends on all Sporcle quizzes.
Sign Up with Email
OR
Log In

Show Comments

Extras

Top Quizzes Today


Score Distribution

Your Account Isn't Verified!

In order to create a playlist on Sporcle, you need to verify the email address you used during registration. Go to your Sporcle Settings to finish the process.

Report this User

Report this user for behavior that violates our Community Guidelines.

Details: